Sports Quiz

Random Sports or MLB Quiz
Score 0/10 Timer 07:00
0 Plays Today
Year, Team, HR Player % Correct
1920, NYY, 54 HRBabe Ruth
100%
1927, NYY, 47 HRLou Gehrig
96.9%
1922, STL, 42 HRRogers Hornsby
96.1%
1926, CHC, 21 HRHack Wilson
78.7%
1929, PHI, 43 HRChuck Klein
72.4%
1921, NYY, 24 HRBob Meusel
68.5%
1928, STL, 31 HRJim Bottomley
54.3%
1923, PHI, 41 HRCy Williams
50.4%
1925, SLB, 25 HRKen Williams
40.9%
1924, BRO, 27 HRJack Fournier
21.3%
Come Together.
Have Fun.
All Virtual.
We all need to come together. Play Sporcle's virtual live trivia to have fun, connect with people, and get your trivia on. Join a live hosted trivia game for your favorite pub trivia experience done virtually. If a virtual private party is more your thing, go here for details.

You're not logged in!

Compare scores with friends on all Sporcle quizzes.
OR
Log In

Sporcle TV

Today on Sporcle TV


Watch our educational content, quiz creation guides, and fun videos on Sporcle TV.

Show Comments

Extras

Created Jan 8, 2016SourceReportNominate
Tags:MLB Quiz, 1920s, Home Runs

Top Quizzes Today


Score Distribution

Paid Content

Your Account Isn't Verified!

In order to create a playlist on Sporcle, you need to verify the email address you used during registration. Go to your Sporcle Settings to finish the process.

Report this User

Report this user for behavior that violates our Community Guidelines.

Details: